|
|
|
|
| LEADER |
01416nam a2200301 a 4500 |
| 001 |
16550475 |
| 008 |
110919s2011 nyuab b 001 0 eng d |
| 010 |
|
|
|a 2010941710
|
| 020 |
|
|
|a 9780199569090 (pbk.)
|
| 040 |
|
|
|a DLC
|c DLC
|d DLC
|d BD-DhAAL
|
| 082 |
0 |
0 |
|a 327.1/01
|2 22
|
| 100 |
1 |
|
|a Baylis, John
|
| 245 |
1 |
4 |
|a The globalization of world politics :
|b an introduction to international relations /
|c John Baylis, Steve Smith, Patricia Owens.
|
| 250 |
|
|
|a 5th ed.
|
| 260 |
|
|
|a New York :
|b Oxford University Press,
|c c2011.
|
| 300 |
|
|
|a xxxvii, 636 p. :
|b ill. (chiefly col.), col. maps ;
|c 27 cm.
|
| 504 |
|
|
|a Includes bibliographical references (p. [579]-599) and index.
|
| 541 |
|
|
|e 00023432
|
| 650 |
|
0 |
|a International relations
|v Textbooks.
|
| 650 |
|
0 |
|a Globalization
|v Textbooks.
|
| 650 |
|
0 |
|a World politics
|y 1989-
|v Textbooks.
|
| 700 |
1 |
|
|a Smith, Steve,
|d 1952-
|
| 700 |
1 |
|
|a Owens, Patricia,
|d 1975-
|
| 852 |
1 |
|
|a Ayesha Abed Library
|c General shelf.
|
| 942 |
0 |
0 |
|0 1
|
| 999 |
|
|
|c 11236
|d 11236
|
| 952 |
|
|
|0 0
|1 0
|2 ddc
|4 0
|6 327_101000000000000_BAY
|7 0
|9 18155
|a BRACUL
|b BRACUL
|c GEN
|d 2011-09-20
|e Karim International
|g 3400.00
|l 3
|m 31
|o 327.101 BAY
|p 3050023432
|r 2019-02-20
|s 2018-12-12
|t 1
|w 2011-09-20
|y BK
|x Available
|
| 952 |
|
|
|0 0
|1 0
|2 ddc
|4 0
|6 327_101000000000000_BAY
|7 0
|9 18156
|a BRACUL
|b BRACUL
|c GEN
|d 2011-09-20
|e Karim International
|g 3400.00
|l 7
|m 14
|o 327.101 BAY
|p 3050023433
|r 2025-05-13
|s 2025-04-26
|t 2
|w 2011-09-20
|y BK
|x Available
|